书目信息 |
| 题名: |
证券投资学
|
|
| 作者: | 吴晓求 主编 | |
| 分册: | ||
| 出版信息: | 北京 中国人民大学出版社 2003 |
|
| 页数: | 443 | |
| 开本: | 23cm | |
| 丛书名: | ||
| 单 册: | ||
| 中图分类: | F830.53 | |
| 科图分类: | ||
| 主题词: | 金融 , 银行 | |
| 电子资源: | ||
| ISBN: | 7-300-05182-0 | |
| 000 | 00558nam0 2200205 450 | |
| 001 | 0753815641 | |
| 005 | 20070930145655.64 | |
| 010 | @a7-300-05182-0@d¥29.00 | |
| 100 | @a20070930d km y0chiy0120 ea | |
| 101 | 0 | @achi |
| 200 | 1 | @a证券投资学@Azheng quan tou zi xue@f吴晓求主编@Fwu xiao qiu zhu bian |
| 205 | @a第二版 | |
| 210 | @a北京@c中国人民大学出版社@d2003 | |
| 215 | @a443@d23cm | |
| 606 | 0 | @a金融 |
| 606 | 0 | @a银行 |
| 690 | @aF830.53@v3 | |
| 701 | 0 | @a吴晓求@Awu xiao qiu@4主编 |
| 801 | 0 | @aCN@bPFT@c20070930 |
| 905 | @a213230@dF830.53@eg42=2@f1 | |
| 证券投资学/吴晓求主编.-第二版.-北京:中国人民大学出版社,2003 |
| 443;23cm |
| ISBN 7-300-05182-0:¥29.00 |
| ● |
| 相关链接 |
|
|
|
|
正题名:证券投资学
索取号:F830.53/g42=2
 
预约/预借
| 序号 | 登录号 | 条形码 | 馆藏地/架位号 | 状态 | 备注 |
| 1 | 6504050 | 265040500 | 密集书库-海洋学院/ [索取号:F830.53/g42=2] | 在馆 |